|
|
|
|
| LEADER |
02833nam a2200709 i 4500 |
| 001 |
nkc20223418347 |
| 003 |
CZ PrNK |
| 005 |
20220610102826.0 |
| 007 |
ta |
| 008 |
220427s2021 xr ae f 001 0 cze |
| 015 |
|
|
|a cnb003418347
|
| 020 |
|
|
|a 978-80-87082-42-3
|q (vázáno)
|
| 035 |
|
|
|a (OCoLC)1329409458
|
| 040 |
|
|
|a OLA001
|b cze
|e rda
|
| 041 |
0 |
|
|a cze
|b eng
|
| 043 |
|
|
|a e-xr---
|b e-xr-pg
|a ec-----
|a es-----
|2 czenas
|
| 045 |
|
|
|a s-t-
|
| 072 |
|
7 |
|a 72
|x Architektura
|2 Konspekt
|9 21
|
| 080 |
|
|
|a 72.052.2
|2 MRF
|
| 080 |
|
|
|a 730:679.8
|2 MRF
|
| 080 |
|
|
|a 72.033.5
|2 MRF
|
| 080 |
|
|
|a 72.034.3/.6
|2 MRF
|
| 080 |
|
|
|a 7.03
|2 MRF
|
| 080 |
|
|
|a (437.311)
|2 MRF
|
| 080 |
|
|
|a (4-191.2)
|2 MRF
|
| 080 |
|
|
|a (4-13)
|2 MRF
|
| 080 |
|
|
|a (048.8)
|2 MRF
|
| 100 |
1 |
|
|a Ramešová, Michaela
|7 hka20181003234
|4 aut
|
| 245 |
1 |
0 |
|a Portály z okruhu Benedikta Rieda.
|n II,
|p Tvorba Riedovy huti na Pražském hradě a její zahraniční souvislosti /
|c Michaela Ramešová
|
| 246 |
3 |
0 |
|a Tvorba Riedovy huti na Pražském hradě a její zahraniční souvislosti
|
| 250 |
|
|
|a Vydání první
|
| 264 |
|
1 |
|a České Budějovice :
|b Tomáš Halama,
|c 2021
|
| 300 |
|
|
|a 199 stran :
|b ilustrace (převážně barevné), plány ;
|c 25 cm
|
| 336 |
|
|
|a text
|b txt
|2 rdacontent
|
| 337 |
|
|
|a bez média
|b n
|2 rdamedia
|
| 338 |
|
|
|a svazek
|b nc
|2 rdacarrier
|
| 504 |
|
|
|a Obsahuje bibliografii, bibliografické odkazy a rejstříky
|
| 546 |
|
|
|a Anglické resumé
|
| 600 |
1 |
7 |
|a Ried, Benedikt,
|d asi 1454-1534
|7 jn20000720248
|2 czenas
|
| 610 |
2 |
7 |
|a Pražský hrad.
|b Starý královský palác
|7 kn20050510032
|2 czenas
|
| 648 |
|
7 |
|a 15.-16. století
|7 ch757034
|2 czenas
|
| 650 |
0 |
7 |
|a portály (architektura)
|7 ph124385
|z Česko
|y 15.-16. století
|2 czenas
|
| 650 |
0 |
7 |
|a kamenosochařství
|7 ph945463
|z Česko
|y 15.-16. století
|2 czenas
|
| 650 |
0 |
7 |
|a gotická architektura
|7 ph120583
|z Česko
|2 czenas
|
| 650 |
0 |
7 |
|a renesanční architektura
|7 ph125120
|z Česko
|2 czenas
|
| 650 |
0 |
7 |
|a umělecké vlivy
|7 ph880635
|z Evropa střední
|2 czenas
|
| 650 |
0 |
7 |
|a umělecké vlivy
|7 ph880635
|z Evropa jižní
|2 czenas
|
| 650 |
0 |
9 |
|a doorways
|z Czechia
|y 15th-16th centuries
|2 eczenas
|
| 650 |
0 |
9 |
|a stone sculpture
|z Czechia
|y 15th-16th centuries
|2 eczenas
|
| 650 |
0 |
9 |
|a gothic architecture
|z Czechia
|2 eczenas
|
| 650 |
0 |
9 |
|a renaissance architecture
|z Czechia
|2 eczenas
|
| 650 |
0 |
9 |
|a artistic influences
|z Europe, Central
|2 eczenas
|
| 650 |
0 |
9 |
|a artistic influences
|z Europe, Southern
|2 eczenas
|
| 651 |
|
7 |
|a Praha (Česko)
|7 ge118011
|2 czenas
|
| 651 |
|
9 |
|a Prague (Czechia)
|2 eczenas
|
| 655 |
|
7 |
|a monografie
|7 fd132842
|2 czenas
|
| 655 |
|
9 |
|a monographs
|2 eczenas
|
| 910 |
2 |
|
|a BOA001
|b 2-1413.764,2
|
| 990 |
|
|
|a BK
|
| 995 |
|
|
|a 01
|
| 991 |
|
|
|b 202206
|c NOV
|
| 996 |
6 |
|
|b 2610906341
|c 2-1413.764,2
|l MZK
|r Sklad / do 1 hodiny
|n 5
|p p.v.
|w 001890186
|u 000010
|a 1
|e BOA001
|j MZK50
|s P
|